MARC

LEADER 00000nam0a2200000 4500
001 353995
005 20231102010640.0
035 |a (RuTPU)RU\TPU\retro\11253 
035 |a RU\TPU\retro\11252 
090 |a 353995 
100 |a 20200611d1957 k y0rusy50 ca 
101 0 |a rus 
102 |a RU 
105 |a y z 000zy 
200 1 |a К вопросу сравнения различных методов использования тепла уходящих газов котлов электростанций  |e [оттиск статьи]  |f В. А. Брагин 
210 |a Томск  |c Изд-во Томского ун-та  |d 1957 
215 |a С. 116-121 
225 1 |a Известия Томского Политехнического Института  |v Т. 89 
320 |9 572  |a Библиогр.: с. 121 
600 1 |a Бутаков  |b И. Н.  |c ученый-теплотехник  |c профессор Томского политехнического института  |f 1881-1970  |g Иннокентий Николаевич  |y Томск  |x TPU  |2 stltpush  |3 (RuTPU)RU\TPU\pers\18396 
606 1 |a Электрические станции  |x Топливное хозяйство  |2 stltpush  |3 (RuTPU)RU\TPU\subj\27638  |9 51361 
606 1 |a Котельные установки  |x Теплообмен  |2 stltpush  |3 (RuTPU)RU\TPU\subj\16005  |9 42200 
610 1 |a коллекция ТПУ 
610 1 |a оттиски 
610 1 |a экономия 
610 1 |a теплопотери 
610 1 |a дымовые газы 
610 1 |a сушильно-термические процессы 
610 1 |a температурные режимы 
610 1 |a утилизация тепла 
610 1 |a тепловой баланс 
675 |a 621.311.2  |v 3 
675 |a 621.18.016  |v 3 
700 1 |a Брагин  |b В. А. 
801 1 |a RU  |b 63413507  |c 20200608 
801 2 |a RU  |b 63413507  |c 20200611  |g RCR 
942 |c BK